Le temps d' apprendre lire : determination de l'opportunite, pour tout jeune enfant, de l'apprentissage de la lecture de la dure probable de cet apprentissage
Αποθηκεύτηκε σε:
| Κύριος συγγραφέας: | |
|---|---|
| Άλλοι συγγραφείς: | |
| Μορφή: | Βιβλίο |
| Γλώσσα: | French |
| Δημοσίευση: |
Collection Bourrelier :
Paris,
1966
|
| Έκδοση: | 3e ed. |
| Σειρά: | Carnets de pedagogie pratique ;
; 310 |
| Θέματα: | |
| Ετικέτες: |
Προσθήκη ετικέτας
Δεν υπάρχουν, Καταχωρήστε ετικέτα πρώτοι!
|
MARC
| LEADER | 00000cam a2200000 i 4500 | ||
|---|---|---|---|
| 001 | 1/89309 | ||
| 008 | 080620s1966 fre d | ||
| 035 | |l 10098337 | ||
| 040 | |a GR-MY-UA |b gre |e aacr | ||
| 041 | 0 | |a fre | |
| 082 | 0 | |a 372.414 |2 (22) | |
| 100 | 1 | |a Inizan, Andre. | |
| 245 | 1 | 3 | |a Le temps d' apprendre lire : |b determination de l'opportunite, pour tout jeune enfant, de l'apprentissage de la lecture de la dure probable de cet apprentissage / |c Andre Inizan ; preface de Rene Zazzo |
| 250 | |a 3e ed. | ||
| 260 | |a Collection Bourrelier : |b Paris, |c 1966 | ||
| 300 | |a 93 σ.; |c 18 εκ. | ||
| 490 | 1 | |a Carnets de pedagogie pratique |v ; 310 | |
| 650 | 0 | 0 | |a Reading (Elementary) |
| 650 | 0 | 0 | |a Reading readiness. |
| 700 | 1 | |a Zazzo, Rene. |4 aui | |
| 830 | 0 | |a Carnets de pedagogie pratique ; |v ; 310 | |
| 852 | |a INST |b RHODES |c AKA |e 20080620 |h 372.414 INI |p 005400027994 |q 005400027994 |t BK |y 0 | ||
| 901 | |a BIBL4-2008-2 | ||
| 909 | |a Ρ |b 150614 | ||
| 970 | |a ΚΟΖΑ |b ΜΑΡΙΑ |z 2008/06/20 | ||